000 00624nam a2200241 i 4500
001 C2-0295640
003 PPAK
005 20180728074102.0
008 090401s2008 enk |||| ||||| | eng d
020 _a9780007276417
040 _aPPAK
_beng
_cPPAK
_erda
082 0 4 _a823
_223
090 0 0 _a823
_bHIG
_dG
100 1 _aHiggins, Jack,
_eauthor
245 1 0 _aRough justice
264 1 _aLondon :
_bHarperCollins Publishers ,
_c2008
300 _a436 pages ;
_c23 cm
336 _2rdacontent
_atext
337 _2rdamedia
_aunmediated
338 _2rdacarrier
_avolume
650 1 0 _aEnglish fiction
942 _ddc
_cB
999 _c100166
_d100166